| 000 | 00412 a2200133 4500 | ||
|---|---|---|---|
| 001 | 90634 | ||
| 082 | _a624.172 BAJ | ||
| 090 |
_c42925 _d42925 |
||
| 100 | _aBajer, Czeslaw I; Bartlomiej Dyniewicz | ||
| 245 | _aNumerical analysis of vibrations of structures under moving inertial load | ||
| 260 |
_aLondon _bSpringer _c2012 |
||
| 300 | _ax, 294 p. | ||
| 740 |
_avibrations of structures _hmoving inertial load |
||
| 942 |
_aNUST-CAE _k624.172 BAJ |
||
| 999 |
_c325707 _d325707 |
||